| 000 | 00893nam a2200289 a 4500 | ||
|---|---|---|---|
| 001 | 42520 | ||
| 003 | BD-RjUL | ||
| 005 | 20211209053543.0 | ||
| 008 | 160613s1980 nyu 001 0 eng d | ||
| 020 |
_a0876921993 _c: IRs. 44.00 |
||
| 035 | _a(BD-RjUL)42638 | ||
| 040 |
_aDLC _cWSU _dOCL _dFDA _dBD-RjUL _beng |
||
| 041 | _aeng | ||
| 082 |
_223 _a330 _bBAE 1982 |
||
| 090 |
_aHB171.5 _b.D56 |
||
| 100 | 1 |
_aBach, Leland George _9130783 |
|
| 245 | 1 | 0 |
_aEconomics : _ban introduction to analysis and policy / _cLeland George Bach, Frank E. Buck, David J. Teece |
| 250 | _a10th ed. | ||
| 260 |
_aNew Delhi : _bPrentice Hall, _c1980 [Printing 1982] |
||
| 300 |
_axxii, 738 p. : _bill. ; _c24 cm |
||
| 500 | _aIncludes index | ||
| 650 | 0 |
_aEconomics _9130784 |
|
| 650 | 0 |
_aEconomic policy _9131039 |
|
| 700 | 1 |
_aBuck, Frank E. _9225108 |
|
| 700 | 1 |
_aTeece, David J. _9225109 |
|
| 942 |
_2ddc _cBK |
||
| 999 |
_c42520 _d42520 |
||